00480 2200181 4500001002100000005001500021008004100036020001800077035001900095041000700114082001000121090001600131100001900147245005200166260004400218300002100262650001500283INLIS00000000001270920241224114421241224||||||||| | ||| |||| || |  a602-7699-80-9 0010-1224012709 aid0 a371.3 a371.3 JHO s0 ajho djamaludin00aSIAP TEMPUR Habis-Habisan Diujian Nasional 2015 aTanggerang SelatanbSealova Mediac2014 a336hlm+18,5x25cm 0apendidikan